00462nam a2200169Ia 4500003000400000008004100004040001600045082001300061100001900074245008100093260004200174300001000216650000800226650001300234650001300247650003200260GCL140319s9999 xx 000 0 eng d aGCL / cGCL04a759bR P1 aRUBIN, WILLIAM10aPICASSO AND PORTAITURE: REPRESENTATION AND TRANSFORMATION / cRUBIN, WILLIAM a[S.N] : bTHAMES AND HUDSON ، c1997 a495 P04aART04aPAINTING04aPAINTERS04aPICASSO, PABLO, 1881 - 1973